Meilleurs sons de MHD - Statistiques

Statistiques générales
  • Ce quiz a été pris 501 fois
    360 depuis la dernière actualisation
  • Le résultat moyen est 7 sur 15
Statistiques - réponses
Rang Titres Streams % Correct
1 Afro Trap Pt. 7 (La puissance) 151,9M
87%
3 Afro Trap Pt. 3 (Champions League) 85,7M
85%
5 Afro Trap Pt. 11 (King Kong) 62,9M
70%
7 A Kele Nta 61,0M
68%
10 Afro Trap Pt. 8 (Never) 44,2M
65%
2 Bella (ft. WizKid) 99,9M
62%
11 Afro Trap Pt. 4 (Fais le mouv) 27,2M
59%
8 Afro Trap Pt. 5 (Ngatie Abedi) 48,9M
53%
6 Bébé (ft. Dadju) 62,7M
52%
9 Pololo (ft. Tiakola) 46,0M
47%
15 Bravo 25,3M
32%
12 Oblah (ft. Gradur, Alonzo, Nyda) 26,1M
20%
13 Laissez-les kouma (ft. Zaho) 26,0M
16%
14 Versus (ft. Niska) 25,5M
16%
4 Tek Tek (ft. DYSTINCT, YAM) 77,3M
15%
Aucun quiz correspondant
Distribution des résultats
% des personnes avec chaque résultat
Percentile par nombre de réponses
Votre historique - résultats
Vous n’avez pas pris ce quiz depuis la dernière actualisation